| 000 | 00844nam a22002055i 4500 | ||
|---|---|---|---|
| 001 | 163761 | ||
| 003 | ES-MaACL | ||
| 005 | 20250713063723.0 | ||
| 008 | 010604s1873 sp |||| | spa d | ||
| 040 |
_aCCPB | B _bspa _cCCPB | B |
||
| 100 | 1 |
_aRodríguez de Berlanga, Manuel, _d1825-1909 _998441 |
|
| 245 | 1 | 4 |
_aLos bronces de Osuna / _cque publica Manuel Rodríguez de Berlanga. |
| 260 |
_aMálaga : _b[s.n.], _c1873 ( _fimprenta que fue de José Martinez de Aguilas, hoy de Ambrosio Rubio y Alonso Cano) |
||
| 300 |
_a[8], 256 p., [8] h. pleg. ; _c24 cm. |
||
| 596 | _aEl imp. consta en colofón. | ||
| 650 | 4 |
_aInscripciones latinas- _zOsuna. _9152282 |
|
| 651 | 4 |
_aOsuna- _xRestos arqueológicos romanos. _9152283 |
|
| 852 |
_aES-MaACL _jF-764 _z-- Enc. pasta española conservando la cub. original |
||
| 999 |
_c163761 _d163761 |
||